书目信息 |
| 题名: |
国际体育争议解决机制研究
|
|
| 作者: | 黄世席 著 | |
| 分册: | ||
| 出版信息: | 武汉 武汉大学出版社 2007 |
|
| 页数: | 376页 | |
| 开本: | 24cm | |
| 丛书名: | 国际商事争议解决机制专题研究丛书 | |
| 单 册: | ||
| 中图分类: | G811.31 | |
| 科图分类: | ||
| 主题词: | 运动竞赛--争议--仲裁--研究 , 运动竞赛 , 争议 , 仲裁 | |
| 电子资源: | ||
| ISBN: | 978-7-307-05798-2 | |
| 000 | 01044oam2 2200301 45 | |
| 001 | 1050935093 | |
| 005 | 20100416093023.48 | |
| 010 | @a978-7-307-05798-2@dCNY34.00 | |
| 100 | @a20100409d2007 em y0chiy50 ea | |
| 101 | 0 | @achi@aeng |
| 102 | @aCN@b420000 | |
| 105 | @ay z 000yy | |
| 106 | @ar | |
| 200 | 1 | @a国际体育争议解决机制研究@AGuo Ji Ti Yu Zheng Yi Jie Jue Ji Zhi Yan Jiu@f黄世席著@FHuang Shi Xi Zhu |
| 210 | @a武汉@c武汉大学出版社@d2007 | |
| 215 | @a376页@d24cm | |
| 225 | 2 | @a国际商事争议解决机制专题研究丛书 |
| 300 | @a教育部人文社会科学重点研究基地重大项目成果 | |
| 330 | @a本书介绍了国际体育争议的解决方法,对国际体育争议解决机制作了较全面的研究,为即将举办的2008年奥运会和中国体育争议解决机制的建立与完善提供了参考。 | |
| 461 | 0 | @12001 @a国际商事争议解决机制专题研究丛书 |
| 606 | 0 | @a运动竞赛@x争议@x仲裁@x研究 |
| 606 | 0 | @a运动竞赛 |
| 606 | 0 | @a争议 |
| 606 | 0 | @a仲裁 |
| 690 | @aG811.31@v4 | |
| 701 | 0 | @a黄世席@AHuang Shi Xi@4著 |
| 801 | 0 | @aCN@bTANGWEI@c20100416 |
| 905 | @b0591912-16@dG811.31@e56@f5 | |
| 国际体育争议解决机制研究/黄世席著.-武汉:武汉大学出版社,2007 |
| 376页;24cm.-(国际商事争议解决机制专题研究丛书) |
| 教育部人文社会科学重点研究基地重大项目成果 |
| ISBN 978-7-307-05798-2:CNY34.00 |
| 本书介绍了国际体育争议的解决方法,对国际体育争议解决机制作了较全面的研究,为即将举办的2008年奥运会和中国体育争议解决机制的建立与完善提供了参考。 |
| ● |
| 相关链接 |
|
|
|
|
正题名:国际体育争议解决机制研究
索取号:G811.31/56
 
预约/预借
| 序号 | 登录号 | 条形码 | 馆藏地/架位号 | 状态 | 备注 |
| 1 | 0591912 | 205919121 | 第一样本阅览室/ [索取号:G811.31/56] | 在馆 | |
| 2 | 0591913 | 205919130 | 第四借阅区/ [索取号:G811.31/56] | 在馆 | |
| 3 | 0591914 | 205919149 | 第四借阅区/ [索取号:G811.31/56] | 在馆 | |
| 4 | 0591915 | 205919158 | 第四借阅区/ [索取号:G811.31/56] | 在馆 | |
| 5 | 0591916 | 205919167 | 第四借阅区/ [索取号:G811.31/56] | 在馆 |